[Event "Collado Villalba op 39th"]
[Site "Collado Villalba"]
[Date "2022.08.21"]
[Round "2"]
[White "Villar Piriz, Adrian"]
[Black "Abbasifar, Baran"]
[Result "1-0"]
[WhiteElo "1820"]
[BlackElo "1626"]
[PlyCount "105"]
[EventDate "2022.08.20"]
[EventType "swiss"]
[EventRounds "9"]
[EventCountry "ESP"]
[SourceTitle "EXT 2023"]
[Source "ChessBase"]
[SourceDate "2022.10.05"]
[SourceVersion "1"]
[SourceVersionDate "2022.10.05"]
[SourceQuality "1"]

1. e4 e6 2. Nf3 d5 3. e5 c5 4. b4 cxb4 5. a3 b3 6. cxb3 Nc6 7. d4 Bd7 8. Bd3 Qb6 9. Bb2 a5 10. 0-0 Nh6 11. Bc2 f6 12. Re1 fxe5 13. Nxe5 Nxe5 14. Rxe5 Bd6 15. Qh5+ Nf7 16. Re2 g6 17. Qxd5 0-0 18. Qe4 Bb5 19. Re1 e5 20. Nc3 Bc6 21. Nd5 Qb5 22. Nf6+ Kg7 23. Qh4 g5 24. Nh5+ Kh6 25. Bc1 e4 26. Ng3+ Kg7 27. Qg4 h6 28. Nf5+ Kh7 29. Bxe4 Bxe4 30. Qxe4 Kh8 31. Nxd6 Nxd6 32. Qg6 Nf5 33. Bb2 Qxb3 34. Rab1 Qf7 35. d5+ Ng7 36. Qxh6+ Kg8 37. Qxg7+ Qxg7 38. Bxg7 Kxg7 39. Rxb7+ Rf7 40. Rxf7+ Kxf7 41. g3 Rd8 42. Rd1 Kf6 43. d6 Rd7 44. Kg2 g4 45. f3 gxf3+ 46. Kxf3 Ke5 47. h4 Rf7+ 48. Kg4 Rd7 49. h5 Kf6 50. Kf4 Ke6 51. g4 Rf7+ 52. Kg5 Rg7+ 53. Kh4 1-0

[Event "Collado Villalba Grupo Gallinero op 1st"]
[Site "Collado Villalba"]
[Date "2022.08.14"]
[Round "4"]
[White "Abbasifar, Baran"]
[Black "Dominguez Esteban, Yoel"]
[Result "1-0"]
[WhiteElo "1626"]
[BlackElo "1348"]
[PlyCount "77"]
[EventDate "2022.08.12"]
[EventType "swiss"]
[EventRounds "9"]
[EventCountry "ESP"]
[SourceTitle "CBM 210 Extra"]
[Source "ChessBase"]
[SourceDate "2022.11.30"]
[SourceVersion "1"]
[SourceVersionDate "2022.11.30"]
[SourceQuality "1"]

1. e4 e5 2. Nf3 Nc6 3. Bb5 Nf6 4. d3 d6 5. Nc3 a6 6. Bxc6+ bxc6 7. d4 exd4 8. Nxd4 Bb7 9. Qf3 c5 10. Nf5 g6 11. Nh6 Bxh6 12. Bxh6 Nd7 13. Nd5 Bxd5 14. exd5 Qe7+ 15. Kd2 0-0-0 16. Rae1 Ne5 17. Qf4 Qd7 18. Bg7 Rhg8 19. Bxe5 dxe5 20. Rxe5 Rge8 21. Rhe1 Rxe5 22. Rxe5 c6 23. c4 cxd5 24. Rxd5 Qe7 25. Rxd8+ Qxd8+ 26. Kc2 Qe7 27. Qe3 Qxe3 28. fxe3 f5 29. a3 Kc7 30. b4 Kc6 31. Kd3 Kd6 32. e4 fxe4+ 33. Kxe4 cxb4 34. axb4 Ke6 35. c5 h6 36. h4 h5 37. g3 Ke7 38. Ke5 Kd7 39. Kf6 1-0

[Event "IRI-ch U16 Girls"]
[Site "Chess.com INT"]
[Date "2021.01.16"]
[Round "7"]
[White "Abbasifar, Baran"]
[Black "Sadollahi, Nesa"]
[Result "1-0"]
[WhiteElo "1513"]
[BlackElo "1433"]
[PlyCount "111"]
[EventDate "2021.01.16"]
[EventType "swiss"]
[EventRounds "9"]
[EventCountry "IRI"]
[SourceTitle "EXT 2022"]
[Source "ChessBase"]
[SourceDate "2021.10.06"]
[SourceVersion "1"]
[SourceVersionDate "2021.10.06"]
[SourceQuality "1"]

1. e4 e5 2. Nf3 Nc6 3. Bc4 Nf6 4. d3 Bc5 5. c3 d6 6. Bb3 Be6 7. Nbd2 Bb6 8. h3 h6 9. Qe2 Bxb3 10. axb3 Nh5 11. Nc4 Qf6 12. Nxb6 cxb6 13. 0-0 Nf4 14. Bxf4 Qxf4 15. Qe3 Qxe3 16. fxe3 0-0 17. b4 b5 18. Nh4 a5 19. bxa5 Nxa5 20. Nf5 Ra6 21. Ne7+ Kh7 22. Nd5 Nb3 23. Rxa6 bxa6 24. Nc7 Nd2 25. Rd1 Nb3 26. Nxa6 Ra8 27. Nb4 Kg6 28. Kf2 Nc5 29. Nd5 Na4 30. Rd2 f6 31. Nc7 Rb8 32. d4 Rb7 33. Nd5 Nb6 34. Nxb6 Rxb6 35. Kf3 b4 36. Rd1 bxc3 37. bxc3 Rb3 38. Rc1 Kg5 39. g3 g6 40. h4+ Kh5 41. Rh1 g5 42. g4+ Kg6 43. h5+ Kg7 44. Rc1 Kf7 45. d5 Ke7 46. c4 Kd7 47. Ra1 Rb7 48. Ra8 Rb4 49. Rh8 Rxc4 50. Rxh6 Rc1 51. Rh8 Ke7 52. h6 Rh1 53. h7 Rh3+ 54. Kf2 Rh2+ 55. Kg3 Rh4 56. Ra8 1-0

[Event "IRI-ch U16 Girls"]
[Site "Chess.com INT"]
[Date "2021.01.16"]
[Round "4"]
[White "Fakhar, Arnavaz"]
[Black "Abbasifar, Baran"]
[Result "0-1"]
[WhiteElo "1546"]
[BlackElo "1513"]
[PlyCount "42"]
[EventDate "2021.01.16"]
[EventType "swiss"]
[EventRounds "9"]
[EventCountry "IRI"]
[SourceTitle "EXT 2022"]
[Source "ChessBase"]
[SourceDate "2021.10.06"]
[SourceVersion "1"]
[SourceVersionDate "2021.10.06"]
[SourceQuality "1"]

1. d4 Nf6 2. c4 g6 3. Nc3 Bg7 4. Nf3 d6 5. g3 0-0 6. Bg2 Na6 7. 0-0 c5 8. e3 Rb8 9. Qe2 Bd7 10. Rd1 Bc6 11. b3 Ne4 12. Bb2 Nxc3 13. Bxc3 Be4 14. Qb2 Qc8 15. Ne1 Bxg2 16. Nxg2 Qg4 17. dxc5 Nxc5 18. Bxg7 Rfc8 19. Bd4 Ne6 20. Bxa7 Ra8 21. Bd4 Ng5 0-1